[Event "TUR Cup"]
[Site "Denizli"]
[Date "2023.07.19"]
[Round "5"]
[White "Akti, Ezgi"]
[Black "Ozbay, Ece"]
[Result "1-0"]
[WhiteElo "1789"]
[BlackElo "1981"]
[PlyCount "73"]
[EventDate "2023.07.16"]
[EventType "team-tourn"]
[EventRounds "9"]
[EventCountry "TUR"]
[SourceTitle "CBM 215 Extra"]
[Source "ChessBase"]
[SourceDate "2023.09.30"]
[SourceVersion "1"]
[SourceVersionDate "2023.09.30"]
[SourceQuality "1"]

1. d4 d5 2. Bg5 Nf6 3. Bxf6 exf6 4. e3 Bd6 5. c4 dxc4 6. Bxc4 0-0 7. Nf3 f5 8. Nc3 Nd7 9. 0-0 c6 10. Qc2 Nf6 11. Rfd1 Qe7 12. Rac1 g6 13. a3 a6 14. Ba2 b5 15. Nb1 Bb7 16. Nbd2 Rad8 17. Nb3 Ne4 18. Na5 c5 19. Nxb7 Qxb7 20. dxc5 Bxc5 21. Ne5 Kg7 22. b4 Bd6 23. Bd5 Qb6 24. Nc6 Rd7 25. Bxe4 fxe4 26. Qxe4 Rc8 27. Qd4+ Qxd4 28. exd4 Bf4 29. Rc5 Re8 30. g3 Bc7 31. Rc2 Bb6 32. Rcd2 Rd6 33. d5 Re4 34. Kf1 f5 35. Re2 Rxe2 36. Kxe2 Kf6 37. f4 1-0

[Event "TUR-UKR Friendship U20"]
[Site "Tornelo INT"]
[Date "2021.01.17"]
[Round "1.1"]
[White "Ozbay, Ece"]
[Black "Shpanko, Nadiia"]
[Result "0-1"]
[WhiteElo "2027"]
[BlackElo "2203"]
[PlyCount "118"]
[EventDate "2021.01.17"]
[EventType "team-match (rapid)"]
[EventRounds "2"]
[EventCountry "TUR"]
[SourceTitle "CBM 200 Extra"]
[Source "ChessBase"]
[SourceDate "2021.03.31"]
[SourceVersion "1"]
[SourceVersionDate "2021.03.31"]
[SourceQuality "1"]
[WhiteTeam "Turkey U20"]
[BlackTeam "Ukraine U20"]
[WhiteTeamCountry "TUR"]
[BlackTeamCountry "UKR"]

1. e4 c5 2. Nf3 Nf6 3. e5 Nd5 4. c4 Nb6 5. b3 d6 6. exd6 Qxd6 7. Bb2 Bg4 8. Be2 Nc6 9. 0-0 e6 10. Nc3 a6 11. Re1 Be7 12. Ne4 Qf4 13. Ng3 Bf6 14. Bc3 Rd8 15. Qc1 0-0 16. h3 Bxf3 17. Bxf3 Ne5 18. Be4 Qg5 19. f4 Qxg3 20. fxe5 Bg5 21. Qc2 h6 22. Rf1 Bf4 23. Rf3 Qh2+ 24. Kf1 Bxe5 25. Bxb7 Bd4 26. Bxd4 Rxd4 27. Kf2 Rfd8 28. d3 Qd6 29. Rd1 a5 30. Ke2 Rd7 31. Ba6 Qe5+ 32. Re3 Qg5 33. g3 Qh5+ 34. g4 Qg5 35. Rf1 Qd8 36. Rff3 Rc7 37. Bb5 Nc8 38. Qc3 Re7 39. Re5 Qc7 40. Re4 Qh2+ 41. Rf2 Rxe4+ 42. dxe4 Qd6 43. Kf3 e5 44. Rd2 Qf6+ 45. Kg2 Nd6 46. Qd3 Nxb5 47. cxb5 Qf4 48. Rf2 Qg5 49. Rf5 Qh4 50. Qd8+ Kh7 51. Rf2 h5 52. Qc8 Qg5 53. b6 hxg4 54. hxg4 Qe3 55. Qc6 Qg5 56. Kg3 Qe3+ 57. Kh2 Qxf2+ 58. Kh3 Qf3+ 59. Kh2 Re6 0-1

[Event "EU-Cup Online Gr-A (Women)"]
[Site "Tornelo INT"]
[Date "2020.12.20"]
[Round "6.1"]
[White "Grapsa, Georgia"]
[Black "Ozbay, Ece"]
[Result "1/2-1/2"]
[WhiteElo "1950"]
[BlackElo "2027"]
[PlyCount "91"]
[EventDate "2020.12.19"]
[EventType "team-tourn (rapid)"]
[EventRounds "7"]
[EventCountry "ISS"]
[SourceTitle "CBM 199 Extra"]
[Source "ChessBase"]
[SourceDate "2021.01.31"]
[SourceVersion "1"]
[SourceVersionDate "2021.01.31"]
[SourceQuality "1"]
[WhiteTeam "Galaxias (W)"]
[BlackTeam "Anatolia White (W)"]
[WhiteTeamCountry "GRE"]
[BlackTeamCountry "TUR"]

1. d4 d5 2. c4 c6 3. Nf3 Nf6 4. Nbd2 Bf5 5. e3 e6 6. Be2 Be7 7. 0-0 0-0 8. b3 Nbd7 9. Nh4 Be4 10. Bb2 Rc8 11. Nxe4 dxe4 12. g3 h6 13. f3 c5 14. Qc2 cxd4 15. exd4 exf3 16. Bxf3 b6 17. Rad1 Nh7 18. Ng2 Ng5 19. Bg4 f5 20. Bh5 Nf6 21. Be2 Nfe4 22. Nf4 Qd6 23. Bd3 Bf6 24. h4 Nxg3 25. hxg5 hxg5 26. Ne2 Nxf1 27. Rxf1 Rcd8 28. d5 g6 29. Bxf6 Rxf6 30. Qd2 f4 31. Nc3 Qe5 32. Ne4 Rf7 33. d6 Rh7 34. Rf2 Rh4 35. Rg2 g4 36. Rh2 Rxh2 37. Kxh2 f3+ 38. Ng3 Qxd6 39. Qe3 Qxd3 40. Qxe6+ Kg7 41. Qe7+ Kg8 42. Qe6+ Kf8 43. Qf6+ Ke8 44. Qe6+ Kf8 45. Qf6+ Kg8 46. Qe6+ 1/2-1/2

[Event "AZE-TUR Online Battle"]
[Site "Playchess.com INT"]
[Date "2020.08.10"]
[Round "5.6"]
[White "Ozbay, Ece"]
[Black "Balajayeva, Khanim Asad Qizi"]
[Result "0-1"]
[WhiteElo "2027"]
[BlackElo "2376"]
[PlyCount "70"]
[EventDate "2020.08.08"]
[EventType "team-match (rapid)"]
[EventRounds "6"]
[EventCountry "AZE"]
[SourceTitle "CBM 197 Extra"]
[Source "ChessBase"]
[SourceDate "2020.09.30"]
[SourceVersion "1"]
[SourceVersionDate "2020.09.30"]
[SourceQuality "1"]
[WhiteTeam "Turkey"]
[BlackTeam "Azerbaijan"]
[WhiteTeamCountry "TUR"]
[BlackTeamCountry "AZE"]

1. e4 c6 2. Nc3 d5 3. Nf3 dxe4 4. Nxe4 Nf6 5. Nxf6+ exf6 6. Be2 Bd6 7. 0-0 0-0 8. d4 Re8 9. Be3 Nd7 10. c3 Nf8 11. Qc2 Ng6 12. g3 Bg4 13. Rfe1 h5 14. Nd2 Qd7 15. Bd3 f5 16. f3 Bh3 17. f4 f6 18. Nf3 Re7 19. Kf2 Bg4 20. Kg2 Rae8 21. Bd2 h4 22. Rxe7 Rxe7 23. Re1 Rxe1 24. Nxe1 hxg3 25. hxg3 Kf8 26. Nf3 Bb8 27. Nh2 Qd5+ 28. Kf2 Ne7 29. Nxg4 fxg4 30. Be2 f5 31. b3 Qh1 32. Be1 g6 33. Qd3 Nd5 34. c4 Nf6 35. Qe3 Ne4+ 0-1

[Event "AZE-TUR Online Battle"]
[Site "Playchess.com INT"]
[Date "2020.08.08"]
[Round "1.6"]
[White "Ozbay, Ece"]
[Black "Balajayeva, Khanim Asad Qizi"]
[Result "0-1"]
[WhiteElo "2027"]
[BlackElo "2376"]
[PlyCount "80"]
[EventDate "2020.08.08"]
[EventType "team-match (rapid)"]
[EventRounds "6"]
[EventCountry "AZE"]
[SourceTitle "CBM 197 Extra"]
[Source "ChessBase"]
[SourceDate "2020.09.30"]
[SourceVersion "1"]
[SourceVersionDate "2020.09.30"]
[SourceQuality "1"]
[WhiteTeam "Turkey"]
[BlackTeam "Azerbaijan"]
[WhiteTeamCountry "TUR"]
[BlackTeamCountry "AZE"]

1. e4 e5 2. Nf3 Nc6 3. Bb5 a6 4. Ba4 Nf6 5. 0-0 Be7 6. Re1 b5 7. Bb3 d6 8. c3 0-0 9. h3 Bb7 10. d4 Nd7 11. Nbd2 exd4 12. cxd4 Bf6 13. Nf1 Na5 14. Bc2 Re8 15. g4 c5 16. Ng3 g6 17. Bf4 cxd4 18. Nxd4 Rc8 19. Rc1 Qb6 20. Be3 Nc4 21. b3 Nxe3 22. fxe3 Rc7 23. Kg2 Be5 24. Rf1 Rec8 25. Qd2 Nf6 26. Qf2 Qa7 27. g5 Bxg3 28. Qxf6 Be5 29. Qf2 Bxd4 30. exd4 Bxe4+ 31. Bxe4 Rxc1 32. Rxc1 Rxc1 33. Qe3 Rc8 34. Bd5 Qd7 35. Bf3 Re8 36. Qc3 Qf5 37. Qd2 Rc8 38. Bd1 b4 39. Kg3 Rc3+ 40. Kg2 Qxh3+ 0-1

[Event "Manisa Rotary Club"]
[Site "Manisa"]
[Date "2019.02.02"]
[Round "10.5"]
[White "Ozbay, Ece"]
[Black "Guseynov, Alihan"]
[Result "0-1"]
[WhiteElo "2129"]
[BlackElo "2346"]
[PlyCount "102"]
[EventDate "2019.01.28"]
[EventType "schev"]
[EventRounds "10"]
[EventCountry "TUR"]
[SourceTitle "CBM 188 Extra"]
[Source "ChessBase"]
[SourceDate "2019.02.26"]
[SourceVersion "1"]
[SourceVersionDate "2019.02.26"]
[SourceQuality "1"]
[WhiteTeam "Turkuaz"]
[BlackTeam "Eflatun"]
[WhiteTeamCountry "TUN"]
[BlackTeamCountry "TUR"]

1. e4 c5 2. Nf3 Nc6 3. Bb5 e6 4. 0-0 Nge7 5. d4 cxd4 6. Nxd4 Qb6 7. Nxc6 Nxc6 8. Bxc6 Qxc6 9. Qd3 Be7 10. Qg3 Qxe4 11. Qxg7 Rf8 12. Bh6 Qf5 13. Nc3 b6 14. Rad1 Bb7 15. Qd4 e5 16. Qd3 Qxd3 17. Rxd3 Rg8 18. Nd5 Rc8 19. Rc1 Rc5 20. c4 b5 21. b3 bxc4 22. bxc4 Rg4 23. Rcd1 Bxd5 24. cxd5 Rc2 25. d6 Bd8 26. Be3 Rxa2 27. h3 Rga4 28. Bc1 f6 29. f4 Bb6+ 30. Kh1 e4 31. Rc3 Re2 32. Rc8+ Kf7 33. Rh8 Kg7 34. Re8 Raa2 35. Re7+ Kg6 36. f5+ Kxf5 37. Rf1+ Rf2 38. Rxf2+ Rxf2 39. Kh2 Bc5 40. Rxd7 Ke6 41. Rxh7 Bxd6+ 42. Kg1 Bc5 43. Ba3 Bb6 44. Re7+ Kd5 45. Kh2 f5 46. Rd7+ Kc4 47. Re7 Kd3 48. Bc1 f4 49. Rd7+ Kc2 50. Re7 Kxc1 51. Rxe4 f3 0-1

[Event "Manisa Rotary Club"]
[Site "Manisa"]
[Date "2019.01.29"]
[Round "3.2"]
[White "Simantsev, Mikhail"]
[Black "Ozbay, Ece"]
[Result "1-0"]
[WhiteElo "2401"]
[BlackElo "2129"]
[PlyCount "111"]
[EventDate "2019.01.28"]
[EventType "schev"]
[EventRounds "10"]
[EventCountry "TUR"]
[SourceTitle "CBM 188 Extra"]
[Source "ChessBase"]
[SourceDate "2019.02.26"]
[SourceVersion "1"]
[SourceVersionDate "2019.02.26"]
[SourceQuality "1"]
[WhiteTeam "Eflatun"]
[BlackTeam "Turkuaz"]
[WhiteTeamCountry "TUR"]
[BlackTeamCountry "TUN"]

1. d4 d5 2. c4 c6 3. Nc3 Nf6 4. e3 Bf5 5. cxd5 cxd5 6. Qb3 Bc8 7. Nf3 e6 8. Bd3 Nc6 9. 0-0 Be7 10. Bd2 0-0 11. Rfc1 Bd7 12. a3 g6 13. h3 Rc8 14. Ne5 Qc7 15. f4 Qb8 16. Be1 Nxe5 17. dxe5 Nh5 18. Ne2 Bc5 19. Rxc5 Rxc5 20. Bb4 b6 21. Bxc5 bxc5 22. Qxb8 Rxb8 23. b4 c4 24. Bc2 Ng7 25. Kf2 Ne8 26. Ke1 Nc7 27. Kd2 a6 28. Nd4 Kf8 29. Kc3 Nb5+ 30. Nxb5 axb5 31. e4 Rd8 32. exd5 exd5 33. Kd4 Be8 34. g4 Kg8 35. Bd1 Kf8 36. Bf3 Kg7 37. Re1 Kf8 38. f5 Kg7 39. h4 Kf8 40. Re3 Kg7 41. f6+ Kf8 42. e6 fxe6 43. Rxe6 Bf7 44. Re7 h6 45. g5 hxg5 46. hxg5 Kg8 47. Bg4 Ra8 48. Re3 Kf8 49. Bd7 Rb8 50. a4 bxa4 51. b5 a3 52. Rxa3 Be8 53. Bc6 Bf7 54. Ra7 Kg8 55. Ra8 Rxa8 56. Bxa8 1-0

[Event "TUR-chT"]
[Site "Ankara"]
[Date "2018.08.03"]
[Round "10.4"]
[White "Ozbay, Ece"]
[Black "Balajayeva, Khanim Asad Qizi"]
[Result "1/2-1/2"]
[WhiteElo "2140"]
[BlackElo "2332"]
[PlyCount "60"]
[EventDate "2018.07.25"]
[EventType "team-tourn"]
[EventRounds "13"]
[EventCountry "TUR"]
[SourceTitle "CBM 185 Extra"]
[Source "ChessBase"]
[SourceDate "2018.07.29"]
[SourceVersion "1"]
[SourceVersionDate "2018.07.29"]
[SourceQuality "1"]
[WhiteTeam "Hatay Buyuksehir"]
[BlackTeam "Genc Akademisyenler"]
[WhiteTeamCountry "TUR"]
[BlackTeamCountry "TUR"]

1. e4 e5 2. Nf3 Nc6 3. Bb5 a6 4. Ba4 Nf6 5. 0-0 Nxe4 6. Re1 Nc5 7. Nc3 Be7 8. Nxe5 Nxe5 9. Rxe5 0-0 10. Bb3 Nxb3 11. axb3 Bf6 12. Re1 d5 13. d4 Bf5 14. Bf4 c6 15. Na4 Re8 16. Qd2 a5 17. Qc3 Be7 18. Qg3 Bf8 19. Bc7 Qd7 20. Nb6 Rxe1+ 21. Rxe1 Re8 22. Re5 Rxe5 23. Qxe5 Qe6 24. Qxe6 fxe6 25. c3 Bc2 26. Nd7 Bxb3 27. Nxf8 Kxf8 28. Bxa5 Kf7 29. Bc7 Bc4 30. f3 Kf6 1/2-1/2

[Event "Yunusemre"]
[Site "Manisa"]
[Date "2018.04.26"]
[Round "4.2"]
[White "Kukov, Velislav"]
[Black "Ozbay, Ece"]
[Result "1/2-1/2"]
[WhiteElo "2399"]
[BlackElo "2216"]
[PlyCount "66"]
[EventDate "2018.04.24"]
[EventType "schev"]
[EventRounds "10"]
[EventCountry "TUR"]
[SourceTitle "CBM 184 Extra"]
[Source "ChessBase"]
[SourceDate "2018.06.28"]
[SourceVersion "1"]
[SourceVersionDate "2018.06.28"]
[SourceQuality "1"]
[WhiteTeam "Blue Team"]
[BlackTeam "Green Team"]
[WhiteTeamCountry "TUR"]
[BlackTeamCountry "TUR"]

1. Nf3 d5 2. g3 Nf6 3. Bg2 c6 4. 0-0 Bg4 5. d4 Nbd7 6. Nbd2 e6 7. Re1 Be7 8. e4 dxe4 9. Nxe4 Nxe4 10. Rxe4 Nf6 11. Re1 0-0 12. c3 c5 13. Qb3 Bxf3 14. Bxf3 cxd4 15. Qxb7 Rc8 16. cxd4 Rc7 17. Qb3 Qxd4 18. Bf4 Rcc8 19. Be3 Qb4 20. Qxb4 Bxb4 21. Rec1 a5 22. a3 Bd6 23. Bb6 Rb8 24. Bxa5 Rxb2 25. a4 e5 26. Bc3 Rb3 27. Bd1 Rbb8 28. a5 Ne4 29. Be1 Nc5 30. Rcb1 Nd3 31. Rxb8 Rxb8 32. Bd2 e4 33. Be3 Be5 1/2-1/2

[Event "Yunusemre"]
[Site "Manisa"]
[Date "2018.04.26"]
[Round "5.3"]
[White "Ozbay, Ece"]
[Black "Guseynov, Alihan"]
[Result "1/2-1/2"]
[WhiteElo "2216"]
[BlackElo "2369"]
[PlyCount "70"]
[EventDate "2018.04.24"]
[EventType "schev"]
[EventRounds "10"]
[EventCountry "TUR"]
[SourceTitle "CBM 184 Extra"]
[Source "ChessBase"]
[SourceDate "2018.06.28"]
[SourceVersion "1"]
[SourceVersionDate "2018.06.28"]
[SourceQuality "1"]
[WhiteTeam "Green Team"]
[BlackTeam "Blue Team"]
[WhiteTeamCountry "TUR"]
[BlackTeamCountry "TUR"]

1. e4 c5 2. Nf3 d6 3. Bb5+ Nd7 4. c3 Ngf6 5. Qe2 a6 6. Ba4 e5 7. d4 b5 8. Bc2 Be7 9. 0-0 Bb7 10. Rd1 Qc7 11. d5 0-0 12. Nbd2 Rfe8 13. Nf1 Bf8 14. h3 c4 15. g4 g6 16. Ng3 Nc5 17. Kh2 Bg7 18. Be3 Bc8 19. Rg1 Kh8 20. Rg2 Bd7 21. Rag1 Rab8 22. Qd2 Ng8 23. Ng5 Re7 24. f4 exf4 25. Bxf4 Rf8 26. Nf3 Qb6 27. Rf1 Bc8 28. Re2 Nd7 29. Ref2 Qc7 30. Ne2 Ne5 31. Nxe5 Bxe5 32. Bxe5+ Rxe5 33. Nd4 f6 34. Nc6 Ree8 35. Qd4 Qg7 1/2-1/2

[Event "Yunusemre"]
[Site "Manisa"]
[Date "2018.04.25"]
[Round "2.5"]
[White "Tereladze, Sopiko"]
[Black "Ozbay, Ece"]
[Result "1-0"]
[WhiteElo "2186"]
[BlackElo "2216"]
[PlyCount "96"]
[EventDate "2018.04.24"]
[EventType "schev"]
[EventRounds "10"]
[EventCountry "TUR"]
[SourceTitle "CBM 184 Extra"]
[Source "ChessBase"]
[SourceDate "2018.06.28"]
[SourceVersion "1"]
[SourceVersionDate "2018.06.28"]
[SourceQuality "1"]
[WhiteTeam "Blue Team"]
[BlackTeam "Green Team"]
[WhiteTeamCountry "TUR"]
[BlackTeamCountry "TUR"]

1. d4 d5 2. Nf3 Nf6 3. e3 c6 4. Bd3 a6 5. Nbd2 g6 6. b3 Bg7 7. Bb2 Nbd7 8. c4 b5 9. 0-0 0-0 10. Rc1 Qb6 11. cxd5 cxd5 12. Qc2 Bb7 13. Qc7 Qa7 14. a4 Rfc8 15. Qa5 bxa4 16. Qxa4 Qb6 17. Ne5 Qe6 18. Rxc8+ Rxc8 19. f4 Nxe5 20. dxe5 Nd7 21. f5 Qc6 22. Qf4 Nc5 23. Be2 gxf5 24. Qxf5 Qg6 25. Bh5 Qxf5 26. Rxf5 Rf8 27. Ba3 Bc8 28. Rf1 Nd3 29. Bxe7 Be6 30. Bxf8 Bxf8 31. Nf3 Bh6 32. g4 Bxe3+ 33. Kg2 Nf4+ 34. Kg3 d4 35. Bxf7+ Bxf7 36. Nxd4 Bxd4 37. Kxf4 a5 38. Rd1 Bc3 39. Rd8+ Kg7 40. Rd7 Kf8 41. Kf5 Ke8 42. Rc7 Bd4 43. Rb7 Bc3 44. Kf6 Bg6 45. h4 Be4 46. Rc7 Be1 47. e6 Bxh4+ 48. g5 Bd5 1-0

[Event "EU-ch (Women) 19th"]
[Site "Stary Smokovec"]
[Date "2018.04.18"]
[Round "10"]
[White "Ozbay, Ece"]
[Black "Doluhanova, Evgeniya"]
[Result "0-1"]
[WhiteElo "2216"]
[BlackElo "2304"]
[PlyCount "42"]
[EventDate "2018.04.08"]
[EventType "swiss"]
[EventRounds "11"]
[EventCountry "SVK"]
[SourceTitle "CBM 184 Extra"]
[Source "ChessBase"]
[SourceDate "2018.06.28"]
[SourceVersion "1"]
[SourceVersionDate "2018.06.28"]
[SourceQuality "1"]

1. e4 c5 2. Nf3 Nc6 3. Bb5 g6 4. 0-0 Bg7 5. c3 e5 6. Na3 Nge7 7. Nc4 0-0 8. d3 d6 9. Bg5 h6 10. Be3 f5 11. exf5 gxf5 12. d4 cxd4 13. cxd4 e4 14. Bxc6 bxc6 15. Ne1 f4 16. Bc1 Ba6 17. Nd2 Bxf1 18. Nxf1 Qd7 19. g3 Nd5 20. Ng2 f3 21. Nf4 Rxf4 0-1

[Event "EU-ch (Women) 19th"]
[Site "Stary Smokovec"]
[Date "2018.04.12"]
[Round "5"]
[White "Nadzamova, Viktoria"]
[Black "Ozbay, Ece"]
[Result "0-1"]
[WhiteElo "1766"]
[BlackElo "2216"]
[PlyCount "74"]
[EventDate "2018.04.08"]
[EventType "swiss"]
[EventRounds "11"]
[EventCountry "SVK"]
[SourceTitle "CBM 184 Extra"]
[Source "ChessBase"]
[SourceDate "2018.06.28"]
[SourceVersion "1"]
[SourceVersionDate "2018.06.28"]
[SourceQuality "1"]

1. e4 c5 2. Nf3 e6 3. d4 cxd4 4. Nxd4 Nc6 5. Nc3 Qc7 6. Be3 a6 7. Qd2 Nf6 8. f3 Be7 9. 0-0-0 b5 10. g4 Nxd4 11. Bxd4 Bb7 12. Kb1 Rc8 13. Bd3 b4 14. Na4 e5 15. Be3 d5 16. g5 dxe4 17. Bxa6 Bxa6 18. gxf6 Bxf6 19. Nb6 Rd8 20. Nd5 Qa5 21. Bb6 Qxd5 22. Qxd5 Rxd5 23. Rxd5 exf3 24. Re1 0-0 25. a4 bxa3 26. Ra5 Be2 27. Rxa3 Bh4 28. Rg1 e4 29. Ra4 f2 30. Bxf2 Bxf2 31. Rg2 e3 32. Rf4 f5 33. b3 h6 34. h4 Bf1 35. Rgxf2 exf2 36. Rxf2 Bh3 37. c4 g5 0-1